A Textbook Of Engineering Thermodynamics / (Record no. 9536)
[ view plain ]
| 000 -LEADER | |
|---|---|
| fixed length control field | 00965nac a22001931u 4500 |
| 020 ## - INTERNATIONAL STANDARD BOOK NUMBER | |
| International Standard Book Number | 817008477 |
| 082 ## - DEWEY DECIMAL CLASSIFICATION NUMBER | |
| Classification number | 621.402 |
| Item number | RAJ |
| 090 ## - LOCALLY ASSIGNED LC-TYPE CALL NUMBER (OCLC); LOCAL CALL NUMBER (OCLC) | |
| -- | 9536 |
| -- | 9536 |
| 100 ## - MAIN ENTRY--PERSONAL NAME | |
| Personal name | Rajput, R.K. |
| 245 ## - TITLE STATEMENT | |
| Title | A Textbook Of Engineering Thermodynamics / |
| Statement of responsibility, etc | R.K. Rajput. |
| 260 ## - PUBLICATION, DISTRIBUTION, ETC. (IMPRINT) | |
| Place of publication, distribution, etc | New Delhi: |
| Name of publisher, distributor, etc | Laxmi Publications; c.2004. |
| Date of publication, distribution, etc | c.2004. |
| 300 ## - PHYSICAL DESCRIPTION | |
| Extent | 802p: |
| Other physical details | ill; |
| Dimensions | 25cm. |
| 500 ## - GENERAL NOTE | |
| General note | Distributer: Al-Ahram. |
| 511 ## - PARTICIPANT OR PERFORMER NOTE | |
| Participant or performer note | Catalogued By: Mahitab. |
| 650 ## - SUBJECT ADDED ENTRY--TOPICAL TERM | |
| Topical term or geographic name as entry element | Thermodynamics. |
| 942 ## - ADDED ENTRY ELEMENTS (KOHA) | |
| Item type | Book - Borrowing |
| Call number prefix | 621.402 RAJ |
| Withdrawn status | Item status | Source of classification or shelving scheme | Damaged status | Not for loan | Vendor | Home library | Current library | Shelving location | Date acquired | Source of acquisition | Total Checkouts | Full call number | Barcode | Date last seen | Cost, replacement price | Koha item type | Cost, normal purchase price | Serial Enumeration / chronology | Date last borrowed |
|---|---|---|---|---|---|---|---|---|---|---|---|---|---|---|---|---|---|---|---|
| Dewey Decimal Classification | Academic Bookshop | Central Library | Central Library | First floor | 20/05/2008 | 621.402 RAJ | 000011400 | 15/07/2025 | 126.00 | Book - Borrowing | |||||||||
| Dewey Decimal Classification | Alahram | Central Library | Central Library | First floor | 05/02/2009 | 1 | 621.402 RAJ | 000014707 | 15/07/2025 | Book - Borrowing | 126.00 | 6467 | 02/10/2012 | ||||||
| Dewey Decimal Classification | Academic Bookshop | Central Library | Central Library | First floor | 05/02/2009 | 621.402 RAJ | 000012029 | 15/07/2025 | NB - Book (Non borrowing) |